| 000 | 00433nam a22001457a 4500 | ||
|---|---|---|---|
| 003 | LRUA | ||
| 005 | 20231107202146.0 | ||
| 008 | 231107b xxu||||| |||| 00| 0 eng d | ||
| 040 | _cFAO | ||
| 082 | _2FAO SCH 2017 C011 Or. | ||
| 245 | _aSCHOOL GARDENING AND NUTRITION EDUCATION TEACHER'S GUIDE FOR GRADE 5 | ||
| 260 |
_aPhnom Penh _bFAO SND AGRICUTURE ORGANIZATION OF THE UNITED NATIONS _c2017 |
||
| 300 | _aVII.40P | ||
| 942 |
_2ddc _cEK |
||
| 999 |
_c22143 _d22143 |
||